00000000nam##2200000za#4500
0019.681238
003CaOODSP
00520240209132638
007ta
008150407|1999||||xxc|||||     f|0| 0 fre|d
020 |a0-662-84980-9
040 |aCaOODSP|bfre
043 |an-cn---
0861 |aC89-4/78-1999F
1102 |aAgence de promotion économique du Canada atlantique.
24510|aÉtat des réalisations, 1998-1999 : |bmise en oeuvre de l'article 41 de la Loi sur les langues officielles
260 |aMoncton - Nouveau-Brunswick : |bAgence de promotion économique du Canada atlantique |c1999.
300 |a29p. : |btableaux ; |c28 cm.
563 |aCouverture souple
590 |a00-42|b2000-10-20
69107|aLangue officielle|2gcpds
69107|aProvinces atlantiques|2gcpds
69107|aDéveloppement économique|2gcpds
69107|aEntrepreneuriat|2gcpds
77508|tReport on achievements, 1998-1999 : |w(CaOODSP)9.647859
7760#|tÉtat des réalisations, 1998-1999 : |w(CaOODSP)9.639458